Привиллегия. (Запись № 11686573)

Подробности
000 -МАРКЕР
контрольное поле 07203nam0a22005051 4500
001 - ИДЕНТИФИКАТОР ЗАПИСИ
контрольное поле RU\NLR\BIBL_A\012057818
005 - ИДЕНТИФИКАТОР ВЕРСИИ
контрольное поле 20260408065859.0
035 ## - ДРУГИЕ СИСТЕМНЫЕ НОМЕРА
Идентификатор записи (NLR Aleph) 012057818
100 ## - ДАННЫЕ ОБЩЕЙ ОБРАБОТКИ
Данные общей обработки 20190226j1822 |||y0rusy50 ca
101 0# - ЯЗЫК РЕСУРСА
Язык текста, звукозаписи и т.д. русский
102 ## - СТРАНА ПУБЛИКАЦИИ ИЛИ ПРОИЗВОДСТВА
Страна публикации Российская Федерация
105 ## - ПОЛЕ КОДИРОВАННЫХ ДАННЫХ: ТЕКСТОВЫЕ МАТЕРИАЛЫ, МОНОГРАФИЧЕСКИЕ
Кодированные данные о монографическом текстовом документе y n 000yy
200 1# - ЗАГЛАВИЕ И СВЕДЕНИЯ ОБ ОТВЕТСТВЕННОСТИ
Основное заглавие Привиллегия.
Сведения, относящиеся к заглавию [Ревельскому купцу Флюгу на выписанную им из Англии канатную машину]
210 ## - ПУБЛИКАЦИЯ, РАСПРОСТРАНЕНИЕ И ДР.
Место издания, распространения и т.д. [Б.м.
Дата издания, распространения и т.д. окт. 1822]
215 ## - ФИЗИЧЕСКАЯ ХАРАКТЕРИСТИКА
Специфическое обозначение материала и объем [4] с.
Размеры
300 ## - ОБЩИЕ ПРИМЕЧАНИЯ
Текст примечания Привилегия от 27 мая 1822 г. Распубликована Сенатом 12 окт. 1822 г.
300 ## - ОБЩИЕ ПРИМЕЧАНИЯ
Текст примечания Текст начинается словами: Владелец канатной фабрики, в городе Санктпетербурге находящейся, ревельский первой гильдии купец Егор Гаврилов Флюг подал Министерству финансов по Департаменту мануфактур и внутренней торговли в четвертый день июля месяца прошлаго тысяча восемь сот двадцать перваго года прозьбу в том, что для усовершенствования выделки на своей фабрике канатов...
300 ## - ОБЩИЕ ПРИМЕЧАНИЯ
Текст примечания Назв. привилегии дано по ПСЗ
300 ## - ОБЩИЕ ПРИМЕЧАНИЯ
Текст примечания В "Реестре..." назв. привилегии: О выданной ревельскому 1й гильдии купцу Флюгу, привиллегии на выписанную им из Англии и пущенную в действие на канатном заводе, патентованную канато-делательную машину
300 ## - ОБЩИЕ ПРИМЕЧАНИЯ
Текст примечания Слева от МП: У сей привиллегии его императорскаго величества Министерства финансов Департамента мануфактур и внутренней торговли печать
300 ## - ОБЩИЕ ПРИМЕЧАНИЯ
Текст примечания После текста: Его императорскаго величества всемилостивейшаго государя моега действительный тайный советник, член Государственнаго совета, сенатор, министр финансов и уделов, управляющий Кабинетом его императорскаго величества, действительный каммергер и орденов российских: Св. Андрея Первозваннаго, Св. Александра Невскаго, Св. Анны и Св. Владимира первых степеней, прусских: Чорнаго и Краснаго Орла кавалер, подписал: граф Д.Гурьев. Скрепил директор департамента Дмитрий Серебряков
300 ## - ОБЩИЕ ПРИМЕЧАНИЯ
Текст примечания В конце текста дата: Маия двадцать седьмаго дня тысяча восемь сот двадцать втораго года
316 ## - ПРИМЕЧАНИЯ ОБ ОСОБЕННОСТЯХ ЭКЗЕМПЛЯРА
Текст примечания Экз. РНБ (18.90.1.1-2-71) является частью владельч. конволюта. Приплетено к: Указ его императорскаго величества самодержца всероссийскаго,: [О разыскании и отсылке в новгородскую духовную консисторию иеромонаха Мисаила] / из Владимирскаго губернскаго правления Гавриловскаго посада ратуши. - [Б. м., март 1822]. В верхнем правом углу рукоп. помета: 167
Организация и экземпляр, к которому относится поле NLR: 18.90.1.1-2-71
321 1# - ПРИМЕЧАНИЯ ОБ ОТДЕЛЬНО ИЗДАННЫХ УКАЗАТЕЛЯХ / РЕФЕРАТАХ / ССЫЛКАХ, ОТРАЖАЮЩИХ КАТАЛОГИЗИРУЕМЫЙ ДОКУМЕНТ
Примечания об указателях, рефератах, ссылках ПСЗ. Т.38. 29052
482 #0 - ПРИПЛЕТЕНО К
Встроенное поле RU\NLR\BIBL_A\012017758
-- 2001#$aУказ его императорскаго величества самодержца всероссийскаго,$e[О разыскании и отсылке в новгородскую духовную консисторию иеромонаха Мисаила]$fиз Владимирскаго губернскаго правления Гавриловскаго посада ратуши
-- 210##$a[Б. м.$dмарт 1822]
Заглавие Указ его императорскаго величества самодержца всероссийскаго,
517 1# - ДРУГИЕ ВАРИАНТЫ ЗАГЛАВИЯ
Вариант заглавия Владелец канатной фабрики, в городе Санктпетербурге находящейся, ревельский первой гильдии купец Егор Гаврилов Флюг подал Министерству финансов по Департаменту мануфактур и внутренней торговли в четвертый день июля месяца прошлаго тысяча восемь сот двадцать перваго года прозьбу в том, что для усовершенствования выделки на своей фабрике канатов...
517 1# - ДРУГИЕ ВАРИАНТЫ ЗАГЛАВИЯ
Вариант заглавия Ревельскому купцу Флюгу на выписанную им из Англии канатную машину
517 1# - ДРУГИЕ ВАРИАНТЫ ЗАГЛАВИЯ
Вариант заглавия О выданной ревельскому 1й гильдии купцу Флюгу, привиллегии на выписанную им из Англии и пущенную в действие на канатном заводе, патентованную канато-делательную машину
518 1# - ЗАГЛАВИЕ В СТАНДАРТНОМ СОВРЕМЕННОМ ПРАВОПИСАНИИ
Основное заглавие, вариант заглавия или унифицированное заглавие Владелец канатной фабрики, в городе Санктпетербурге находящейся, ревельский первой гильдии купец Егор Гаврилов Флюг подал Министерству финансов по Департаменту мануфактур и внутренней торговли в четвертый день июля месяца прошлого тысяча восемь сот двадцать первого года просьбу в том, что для усовершенствования выделки на своей фабрике канатов...
518 1# - ЗАГЛАВИЕ В СТАНДАРТНОМ СОВРЕМЕННОМ ПРАВОПИСАНИИ
Основное заглавие, вариант заглавия или унифицированное заглавие Привилегия
606 1# - НАИМЕНОВАНИЕ ТЕМЫ КАК ПРЕДМЕТ
Наименование темы Законодательство
Географический подзаголовок Россия
Хронологический подзаголовок 1801 - 1825
Системный номер авторитетной/нормативной записи 2280395
Идентификатор авторитетной/нормативной записи RU\NLR\AUTH\6601594564
686 ## - ИНДЕКСЫ ДРУГИХ КЛАССИФИКАЦИЙ
Индекс Х2(2)47-3
702 #0 - ИМЯ ЛИЦА - ВТОРИЧНАЯ ОТВЕТСТВЕННОСТЬ
Код отношения Подписавшее лицо
Графика поля Кириллица
Материалы, к которым относится поле rus
Начальный элемент ввода Александр
Дополнения к именам, кроме дат император российский
Римские цифры I
Даты 1777-1825
Системный номер авторитетной/нормативной записи 115306
Идентификатор авторитетной/нормативной записи RU\NLR\AUTH\775342
702 #1 - ИМЯ ЛИЦА - ВТОРИЧНАЯ ОТВЕТСТВЕННОСТЬ
Графика поля Кириллица
Материалы, к которым относится поле rus
Начальный элемент ввода Флюг
Часть имени, кроме начального элемента ввода Е. Г.
Даты 19 в.
Расширение инициалов личного имени Егор Гаврилович
Системный номер авторитетной/нормативной записи 208276
Идентификатор авторитетной/нормативной записи RU\NLR\AUTH\770208329
702 #1 - ИМЯ ЛИЦА - ВТОРИЧНАЯ ОТВЕТСТВЕННОСТЬ
Код отношения Подписавшее лицо
Графика поля Кириллица
Материалы, к которым относится поле rus
Начальный элемент ввода Гурьев
Часть имени, кроме начального элемента ввода Д. А.
Даты 1758-1825
Расширение инициалов личного имени Дмитрий Александрович
Системный номер авторитетной/нормативной записи 158616
Идентификатор авторитетной/нормативной записи RU\NLR\AUTH\770158657
702 #1 - ИМЯ ЛИЦА - ВТОРИЧНАЯ ОТВЕТСТВЕННОСТЬ
Код отношения Подписавшее лицо
Графика поля Кириллица
Материалы, к которым относится поле rus
Начальный элемент ввода Серебряков
Часть имени, кроме начального элемента ввода Д. С.
Расширение инициалов личного имени Дмитрий Семенович
Системный номер авторитетной/нормативной записи 167703
Идентификатор авторитетной/нормативной записи RU\NLR\AUTH\770167751
710 01 - НАИМЕНОВАНИЕ ОРГАНИЗАЦИИ - ПЕРВИЧНАЯ ОТВЕТСТВЕННОСТЬ
Код отношения Подписавшее лицо
Начальный элемент ввода Россия
Структурное подразделение Император
Идентифицирующий признак 1801-1825; Александр I
Системный номер авторитетной/нормативной записи 584940
Идентификатор авторитетной/нормативной записи RU\NLR\AUTH\8810042745
852 ## - МЕСТОНАХОЖДЕНИЕ И ШИФР ХРАНЕНИЯ
Идентификатор организации NLR
Шифр хранения (Call Number) 18.90.1.1-2-71
852 ## - МЕСТОНАХОЖДЕНИЕ И ШИФР ХРАНЕНИЯ
Идентификатор организации NLR
942 ## - ДОПОЛНИТЕЛЬНЫЕ ЭЛЕМЕНТЫ ЗАПИСИ (АБИС)
Тип экземпляра АБИС Книга
980 ## - КОЛЛЕКЦИЯ
Название коллекции Национальная библиография
980 ## - КОЛЛЕКЦИЯ
Название коллекции Указы

Нет доступных экземпляров.